|
|
|
|
| LEADER |
01009nam a2200265 a 4500 |
| 001 |
4510167 |
| 008 |
100705s1999 inua 001 0 eng d |
| 010 |
|
|
|a 98085293
|
| 020 |
|
|
|a 8176352144
|
| 020 |
|
|
|a 1571691561
|
| 040 |
|
|
|a MoCo
|c MoCo
|d MiYEM
|d DLC
|d DB-DhAAL
|
| 082 |
0 |
0 |
|a 006.6/869
|2 21
|
| 100 |
1 |
|
|a Lynch, Richard
|q (Richard A.)
|
| 245 |
1 |
4 |
|a The Waite Group's Adobe Photoshop 5 how-to /
|c Richard Lynch.
|
| 246 |
3 |
|
|a Adobe Photoshop 5 how-to
|
| 260 |
|
|
|a Indianapolis ;
|a New Delhi :
|b SAMS/techmedia,
|c c1999.
|
| 300 |
|
|
|a xii, 671 p. :
|b ill. ;
|c 24 cm. +
|e 1 computer laser optical disc (4 3/4 in.)
|
| 504 |
|
|
|a Includes index.
|
| 541 |
1 |
|
|e 00010588
|
| 650 |
|
0 |
|a Computer graphics.
|
| 630 |
0 |
0 |
|a Adobe Photoshop.
|
| 710 |
2 |
|
|a Waite Group.
|
| 852 |
4 |
|
|a Ayesha Abed Library
|j General Shelf.
|
| 999 |
|
|
|c 9183
|d 9183
|
| 952 |
|
|
|0 0
|1 0
|2 ddc
|4 0
|6 006_686900000000000_LYN_1999
|7 0
|9 11559
|a BRACUL
|b BRACUL
|c GEN
|d 2010-07-05
|l 8
|m 163
|o 006.6869 LYN
|p 3010010588
|q 2022-08-29
|r 2019-09-12
|s 2019-09-12
|t 1
|w 2010-07-05
|y BK
|